000 00281nam a2200133Ia 4500
100 _aOatis/J.A
942 _cBK
654 _aHandbook
245 _aWelding Engineers Handbook
260 _bTaraporevala Sons & Co
_c2001
082 _a671.5
300 _a290
546 _aENGLISH
999 _c26049
_d26049